| 000 | 01287nam a2200289 a 4500 | ||
|---|---|---|---|
| 001 | 000047477 | ||
| 003 | DO-SdBNP | ||
| 005 | 20250115124320.0 | ||
| 008 | 180606s2017 dr 000 f spa d | ||
| 020 | _a9789945503128 | ||
| 040 |
_aDO-SdBNP _bspa _cBNPHU |
||
| 082 |
_aRD863.5 _bF356v |
||
| 111 | 2 |
_aFeria Regional del Libro Azua _n(13 : _d2017 : _cAzua) _975098 |
|
| 245 | 1 | 0 |
_aVoces del Sur 2017 : _bcuentos ganadores del Certamen Regional para talleres literarios. |
| 260 |
_aSanto Domingo : _bMinisterio de Cultura ; _bNacional , _c2017. |
||
| 300 |
_a51 p. ; _c20 cm. |
||
| 490 | 1 | _aNarrativa | |
| 505 | 0 |
_aPrimer premio : _tUn juego de azar / _rYaina Melisa Rodríguez -- _gSegundo premio : _tCópula diabólica / _rCarlos Tomás Sención -- _gTercer primio : _tLágrimas de tinta/ _rAndreidy Sánchez -- _gMenciones : _tLas barbas de papá Noel / _rAriel Ortiz -- _tLa muerte de Fernán Gómez / _rMiguel Ángel Otaño Montero |
|
| 590 | _aInventariado, 2018/VM | ||
| 650 | 4 |
_aCertámenes literarios _xRepública dominicana _975099 |
|
| 650 | 0 |
_aCuentos dominicanos _9176 |
|
| 650 | 4 |
_aLiteratura ddominicana _974639 |
|
| 710 | 1 |
_aRepública Dominicana. _bMinisterio de Cultura _971794 |
|
| 830 | 0 |
_aNarrativa _911366 |
|
| 910 | _aValidado. Control de calidad MFF | ||
| 942 |
_2ddc _cLBS1 |
||
| 999 |
_c46965 _d46965 |
||